| 000 | 01263cam a22001934a 4500 | ||
|---|---|---|---|
| 005 | 20250605164338.0 | ||
| 008 | 250528s ||||||||||||||||||||||||d | ||
| 035 | _a23515 | ||
| 040 |
_aGR-AtMCL _bgre _dGR-AtMCL _eAACR2 |
||
| 245 | 1 | _aAn Ideal Gas Physical Simulation/A Thesis Submitted to Mediterranean College - University of Derby in Partial Fulfillment of the Requirements for the Degree of Bachelor in Computer Science | |
| 260 | _c2019 | ||
| 300 | _a73 | ||
| 520 | _aAn Ideal Gas Physical Simulation, Abstract, Acknowledgements, Introduction, Project Aim and Objectives, Theoretical Background, Ideal Gas Characteristics, The Ideal Gas Law, Kinetic Theory, The Maxwell Boltzmann Distribution, Collision - Collision Detection, Collisions - Collision Resolution, The Brownian Motion, Physical Simulation, Development Environment, Programming Language, Graphical User Interface, Classes and Methods, Graphics and Rendering, Algoritms, Performance and Stability, Experimental, Ideal Gas Law Experiment, Maxwell-Boltzmann Distribution Experiment, Brownian Motion Experiment, Use Cases, Conclusion, Bibliography. | ||
| 700 | 1 |
_aPerakis Panagiotis _99087 |
|
| 700 | 1 |
_aTsimplis Iason Dimitrios _99089 |
|
| 942 | _cDS | ||
| 999 |
_c8520 _d8520 |
||